| 000 | 00666cam a22001935a 4500 | ||
|---|---|---|---|
| 020 | _a0764586661 (paperback : alk. paper) | ||
| 082 |
_a821 _bMIL _cL-29, P-136 |
||
| 100 |
_aJohn, Milton _927641 |
||
| 245 | 0 | 0 |
_aCliffsnotes Milton's paradise lost. _b Milton John |
| 250 | _a1st ed. | ||
| 260 |
_aHyderabad _bAsim Book Depot _c2000. |
||
| 300 |
_a64 p. ; _ccm. |
||
| 526 |
_a0 _b0 _c0 _d821_000000000000000_MIL |
||
| 650 |
_aMCE _9379 |
||
| 856 | 4 | 1 | _uhttp://www.loc.gov/catdir/toc/wiley022/00107695.html |
| 856 | 4 | 2 | _uhttp://www.loc.gov/catdir/bios/wiley045/00107695.html |
| 856 | 4 | 2 | _uhttp://www.loc.gov/catdir/description/wiley038/00107695.html |
| 942 |
_2ddc _cBK |
||
| 999 |
_c549395 _d549395 |
||